Statistiche per Divinità romane

Clicka qui per fare il quiz!

Statistiche generali

  • Questo quiz è stato fatto 117 volte
  • Il punteggio medio è 15 su 29

Statistiche sulle risposte

Proprietà della divinitàDivinità% Corretto
Re degli dèi, dio del cielo e del fulmine; membro della Triade capitolinaGiove
100%
Dea dell'amore e della sessualitàVenere
93%
Dio della guerra e della fertilità, protettore dei soldati e padre di tutti i romaniMarte
88%
Dio del mare, dei cavalli e delle corseNettuno
85%
Dio del vino e dell'ebbrezzaBacco
81%
Dio del sole, della musica, della poesia e della profeziaApollo
76%
Regina degli dèi, dea del matrimonio e della famiglia; membro della Triade capitolinaGiunone
76%
Dio dei commerci, degli avvocati e dei ladri, messaggero degli dèiMercurio
76%
Dio degli inferi e della ricchezzaPlutone
72%
Dea della caccia, della luna e della benedizione dei campiDiana
69%
Dea della strategia militare, dei lavori manuali e della guarigione; membro della Triade capitolinaMinerva
69%
Dio del fuoco e della forgiaVulcano
56%
Dea delle messiCerere
54%
Dio della seminaSaturno
53%
Dio bifronte delle porte e dello scorrere del tempoGiano
52%
Regina degli inferiProserpina
52%
Protettore del popolo romano e delle Curie, assunto a divinità con questo nome dopo aver fondato Roma ed avervi regnatoQuirino
48%
Dea del focolare, protettrice della casaVesta
40%
Dea dell'alba e della dolcezzaAurora
34%
Dea della vittoria in guerraVittoria
34%
Dio degli animali maschi e del flautoFauno
33%
Dio della medicinaEsculapio
29%
Dea del successo, della buona sorte e del futuroFortuna
27%
Dea della guerra che combatteva in prima fila coi soldati romaniBellona
25%
Dea protettrice dell'Urbe e dell'ImperoRoma
24%
Dea della primavera e de fioriFlora
21%
Dio dei boschiSilvano
13%
Dea del buon raccolto e delle scorte alimentariAnnona
9%
Dea della pace dell'armonia nella comunitàConcordia
8%

Distribuzione punteggi

Percentile per numero di risposta

Percentuale di utenti per punteggio

I tuoi punteggi nel tempo

Non hai fatto questo quiz